000 01067nam a22002411a 4500
999 _c18608
_d18608
001 18608
003 OSt
005 20260204212414.0
008 180326s2017||||dr ||||||b||||||||||spa||
090 _aINF 2017 A11
100 1 _aAbarua Villafaña,Luis
_dsustentante
245 1 _aSoftware de contabilidad para la cooperativa de empleados y profesores del UTECO / Luis Abarua Villafaña, Richard Guillot Silverio y Luis Miguel Ullola ; asesor Alba Lissette Peguero
260 _aCotuí, República Dominicana :
_bUTECO,
_c2017
300 _a108 hojas :
_bIlustraciones ;
_c28cm.
502 _aTrabajo de grado (Licenciatura en Informática) --Universidad Tecnológica del Cibao Oriental, 2017
504 _aIncluye referencia bibliográfica e índice
650 4 _aSoftware de contabilidad
700 1 _aGuillot Silverio, Richard
_esustentante
700 1 _aUllola, Luis Miguel
_esustentante
700 1 _aPeguero, Alba Lissette
_easesor
830 _aTesis y disertaciones académicas (Universidad Tecnológica del Cibao Oriental)
942 _2LC
_cTH